000 00701nam a22001937a 4500
999 _c164269
_d164269
005 20190603161934.0
010 _aUR-10120
020 _c750.00
_a9789387829183
035 _aU-8675
037 _bDBAD/PUB
082 _a440.9380
100 _aقر يشی شريف ا حمد
245 _aفر ہنگ فسا نہءعجا يب
_cقر يشی شريف ا حمد
246 _b‏Farhang-e-Fasana-e-Ajaib(Urdu)
_aby Dr. Sharif Ahmed Qureshi
260 _a Delhi
_bEducational Publishing House
_c2018ء
270 _a3191،Vakil Street,Kucha Pandit,Lal Kuan,
_bDelhi
_e110006
_k23216162
_l00911123211540
300 _a712ص
_c22 Cm.(bk)
942 _2ddc
_cUR
_h440.9380
_mق ر ے